MyGZULibrary

Africa and the West : (Record no. 10223)

MARC details
000 -LEADER
fixed length control field 01951cam a2200421 a 4500
001 - CONTROL NUMBER
control field 15873208
003 - CONTROL NUMBER IDENTIFIER
control field GZU
005 - DATE AND TIME OF LATEST TRANSACTION
control field 20211125151851.0
008 - FIXED-LENGTH DATA ELEMENTS--GENERAL INFORMATION
fixed length control field 090819s2010 enkab b 001 0 eng
010 ## - LIBRARY OF CONGRESS CONTROL NUMBER
LC control number 2009034387
020 ## - INTERNATIONAL STANDARD BOOK NUMBER
International Standard Book Number 9780195373486 (v. 1 : pbk.)
020 ## - INTERNATIONAL STANDARD BOOK NUMBER
International Standard Book Number 0195373480 (v. 1 : pbk.)
020 ## - INTERNATIONAL STANDARD BOOK NUMBER
International Standard Book Number 9780195373134 (v. 2)
020 ## - INTERNATIONAL STANDARD BOOK NUMBER
International Standard Book Number 0195373138 (v. 2)
035 ## - SYSTEM CONTROL NUMBER
System control number (OCoLC)ocn430054742
040 ## - CATALOGING SOURCE
Original cataloging agency DLC
Transcribing agency DLC
Modifying agency BTCTA
-- C#P
-- YDXCP
-- BWX
-- CDX
-- GSU
-- DLC
043 ## - GEOGRAPHIC AREA CODE
Geographic area code fb-----
-- ew-----
-- n------
050 00 - LIBRARY OF CONGRESS CALL NUMBER
Classification number DT353.5.
Item number AFR 2010
100 1# - MAIN ENTRY--PERSONAL NAME
Personal name Worger, William H.
Relator term author
245 10 - TITLE STATEMENT
Title Africa and the West :
Remainder of title a documentary history /
Statement of responsibility, etc. William H. Worger, Nancy L. Clark, Edward A. Alpers.
250 ## - EDITION STATEMENT
Edition statement 2nd ed.
260 ## - PUBLICATION, DISTRIBUTION, ETC.
Place of publication, distribution, etc. Oxford ;
-- New York :
Name of publisher, distributor, etc. Oxford University Press,
Date of publication, distribution, etc. 2010.
300 ## - PHYSICAL DESCRIPTION
Extent 2 v. :
Other physical details ill., maps ;
Dimensions 26 cm.
500 ## - GENERAL NOTE
General note First ed. entered under title.
504 ## - BIBLIOGRAPHY, ETC. NOTE
Bibliography, etc. note Includes bibliographical references and indexes.
505 0# - FORMATTED CONTENTS NOTE
Formatted contents note v. 1. From the slave trade to conquest, 1441-1905 -- v. 2. From colonialism to independence, 1875 to the present.
650 #0 - SUBJECT ADDED ENTRY--TOPICAL TERM
Topical term or geographic name entry element Slave trade
General subdivision History
Form subdivision Sources.
651 #0 - SUBJECT ADDED ENTRY--GEOGRAPHIC NAME
Geographic name Africa, Sub-Saharan
General subdivision Relations
Geographic subdivision Europe
General subdivision History
Form subdivision Sources.
651 #0 - SUBJECT ADDED ENTRY--GEOGRAPHIC NAME
Geographic name Europe
General subdivision Relations
Geographic subdivision Africa, Sub-Saharan
General subdivision History
Form subdivision Sources.
651 #0 - SUBJECT ADDED ENTRY--GEOGRAPHIC NAME
Geographic name Africa, Sub-Saharan
General subdivision Relations
Geographic subdivision America
General subdivision History
Form subdivision Sources.
651 #0 - SUBJECT ADDED ENTRY--GEOGRAPHIC NAME
Geographic name America
General subdivision Relations
Geographic subdivision Africa, Sub-Saharan
General subdivision History
Form subdivision Sources.
700 1# - ADDED ENTRY--PERSONAL NAME
Personal name Clark, Nancy L.
Relator term author
700 1# - ADDED ENTRY--PERSONAL NAME
Personal name Alpers, Edward A.
Relator term author
856 42 - ELECTRONIC LOCATION AND ACCESS
Materials specified Book review (H-Net)
Uniform Resource Identifier <a href="http://www.h-net.org/reviews/showrev.php?id=30970">http://www.h-net.org/reviews/showrev.php?id=30970</a>
906 ## - LOCAL DATA ELEMENT F, LDF (RLIN)
a 7
b cbc
c orignew
d 1
e ecip
f 20
g y-gencatlg
942 ## - ADDED ENTRY ELEMENTS (KOHA)
Source of classification or shelving scheme Library of Congress Classification
Koha item type Books
Edition Second edition
Classification part 353.5
Item part AFR
Call number prefix DT
Holdings
Withdrawn status Lost status Source of classification or shelving scheme Damaged status Not for loan Collection code Home library Current library Shelving location Date acquired Total Checkouts Full call number Barcode Date last seen Copy number Price effective from Koha item type Source of acquisition
    Library of Congress Classification     Non-fiction City Campus Library City Campus Library General Stacks 11/25/2021   DT353.5 AFR 2010 v. 1 031844 11/25/2021 c. 1 11/25/2021 Books  
    Library of Congress Classification     Non-fiction City Campus Library City Campus Library General Stacks 11/25/2021   DT353.5 AFR 2010 v. 2 031843 11/25/2021 c. 2 11/25/2021 Books Purchase